| 000 | 00778nam a2200241Ia 4500 | ||
|---|---|---|---|
| 003 | OSt | ||
| 005 | 20220923212417.0 | ||
| 006 | a|||||r|||| 00| 0 | ||
| 007 | ta | ||
| 008 | 220922b |||||||| |||| 00| 0 hin d | ||
| 024 | _a152,710 | ||
| 037 | _cTextual | ||
| 040 |
_aARTS _cARTS _bhin |
||
| 041 |
_2hin _ahin |
||
| 082 | _aNQ, 152M8 | ||
| 100 | _aभाऊ समर्थ | ||
| 245 | 0 | _aचित्रकला और समाज, उषा वैरागकर आठले | |
| 246 | _aChitrakalā aur samāja, uṣhā vairāgakar āṭhale | ||
| 260 |
_aइलाहाबाद _b परिमल प्रकशन _c1988 |
||
| 300 |
_a139 पृ. _ccm. |
||
| 942 |
_hNQ, 152M8 _cTEXL _2CC |
||
| 999 |
_c308359 _d308359 |
||